000 00827nam a22002417a 4500
999 _c65759
_d65759
005 20240530110841.0
008 200912s2020 ua a f b 000 0dara d
017 _a2020/4655
_bمصر. دار الكتب
020 _a9789777262231
040 _aEG-CaGPL
_cEG-CaGPL
082 0 4 _221
_a690.141\
_bأ ع
100 0 _aاحمد عفيفى
245 0 2 _aالعقود والمطالبات الهندسية /
_cاحمد عفيفى
250 _aط.1
260 _aالقاهرة :
_bدار الكتب والدراسات العربية،
_c2020
300 _a192 ص. ؛
_c24 سم.
650 0 7 _aالعقود الهندسية
_2qrmak
650 0 7 _aهندسة الانشاءات
_2qrmak
650 0 7 _aعقود البناء
_2qrmak
651 _2qrmak
942 _2ddc
_cBK